The power of Christian benevolence illustrated in the life and labors of Mary Lyon /

Bibliographic Details
Main Author: Hitchcock, Edward, 1793-1864
Format: Book
Language:English
Published: Northampton : Philadelphia : Hopkins, Bridgman ; Thomas, Cowperthwait, 1852
Edition:7th ed.
Subjects:

MARC

Tag First Indicator Second Indicator Subfields
LEADER 00000cam a2200000 i 4500
001 in00000665521
005 20151015083120.0
008 791025r19791852kyuaf b 00010beng d
035 |a (OCoLC)05587170 
035 |9 ACY0045AM 
040 |a RRR  |c RRR  |d TXA  |d UtOrBLW 
049 |a TXAI 
099 |a fiche  |a C  |a 2230 
100 1 |a Hitchcock, Edward,  |d 1793-1864. 
245 1 4 |a The power of Christian benevolence illustrated in the life and labors of Mary Lyon /  |c compiled by Edward Hitchcock ; with the assistance of others. 
250 |a 7th ed. 
264 1 |a Northampton :  |b Hopkins, Bridgman ;  |a Philadelphia :  |b Thomas, Cowperthwait,  |c 1852 
264 4 |c ©1851 
300 |a viii, 486 pages, 4 unnumbered leaves of plates :  |b illustrations ;  |c 20 cm. 
336 |a text  |b txt  |2 rdacontent 
337 |a microform  |b h  |2 rdamedia 
338 |a microfiche  |b he  |2 rdacarrier 
500 |a Microfiche. Louisville, Ky. : Lost Cause Press, 1979. -- 7 sheets ; 10.5 x 14.8 cm. -- (Sabin, Joseph, 1821-1881. [Bibliotheca Americana] Selected Americana. [Microfiche edition]) -- (Fiche book). 
500 |a "Sabin: 32447." 
500 |a "Copied from the original located in the State Historical Society of Wisconsin Library." 
500 |a Microform. 
600 1 0 |a Lyon, Mary,  |d 1797-1849. 
999 |a MARS 
999 f f |s b2948ee2-c71e-34bf-9f5c-bbdb5ee967fa  |i 652c6010-202c-3e9d-a986-3e725732934e  |t 0 
952 f f |p normal  |a Texas A&M University  |b College Station  |c Sterling C. Evans Library  |d Evans: Microforms (3rd floor)  |t 0  |e fiche C 2230  |h Other scheme  |i microform -- microfiche  |m A14820797713 
998 f f |a fiche C 2230  |t 0  |l Evans: Microforms (3rd floor)